00310nam a2200109Ia 4500008004100000020001800041040002900059050002200088100003200110245003400142260002400176230222s9999||||xx |||||||||||||| ||und|| a9966 7035 5 1 cChuka University Library aSB 318 bB37 2011 aErnest Muthomi, Njogu Janet 4aThe Brassica farming handbook bNairobi,kenyac2011